[Event "Biel Credit Suisse"]
[Site "Biel"]
[Date "1997.07.26"]
[Round "5"]
[White "Gelfand, Boris"]
[Black "Lautier, Joel"]
[Result "1/2-1/2"]
[WhiteElo "2695"]
[BlackElo "2660"]
[Annotator "Gelfand,B"]
[PlyCount "41"]
[EventDate "1997.07.20"]
[EventType "tourn"]
[EventRounds "10"]
[EventCountry "SUI"]
[EventCategory "17"]
[SourceTitle "CBM 060"]
[Source "ChessBase"]
[SourceDate "1997.09.29"]
[SourceVersion "1"]
[SourceVersionDate "1997.09.29"]
[SourceQuality "1"]

1. d4 Nf6 2. c4 e6 3. Nf3 b6 4. Nc3 Bb7 5. a3 d5 6. Bg5 Be7 7. Qa4+ Qd7 8. Qc2
(8. Qxd7+ {Fritz 5.00 (100s)} Nbxd7 9. Nb5 Kd8 10. cxd5 Nxd5 11. e4 N5f6 12.
Bf4 Bxe4 (12... Ne8 13. Bd3 (13. d5 exd5 14. O-O-O Nd6 15. exd5 a6 16. Nc3 Bf6
17. Nd4 Re8 18. Be2 Nc5 19. Kc2 Nce4 20. Nxe4 Rxe4 21. Be3 Bxd4 22. Rxd4 Re5
23. Bf3 Nf5 24. Rd3 Nxe3+ 25. fxe3 Kd7 26. h4 Rae8 27. e4 Kd6 28. g4 f6 29. Kd2
h6 30. Ke3 h5 31. Rg1 hxg4 32. Rxg4 R8e7 33. Kf4 Bc8 34. Rg1 g5+ 35. hxg5 fxg5+
36. Kg3 Rh7 37. Rc1 Bd7 38. Bg2 Ree7 39. Rf3 Rh4 40. Rf6+ Ke5 41. Rf8 Rg4+ 42.
Kh2 Rh4+ {Gofshtein,L-Alterman,B/ISR-chT 1996/EXP 52/[Alterman]/0-1 (57)})
13... h6 14. O-O-O c6 15. Nc3 Bd6 16. Be3 (16. Bxd6 Nxd6 17. e5 Ne8 18. Ne4 Ke7
19. Rhe1 Rc8 20. Kb1 c5 21. Bb5 Bxe4+ 22. Rxe4 Nb8 23. dxc5 Rxc5 24. Bxe8 Rxe8
25. Red4 Rec8 26. b4 R5c7 27. R4d2 Nd7 28. Re1 a5 29. b5 Rc5 30. Rb2 Rd5 31.
Re4 Rd1+ 32. Ka2 Rcc1 33. Rd4 Ra1+ 34. Kb3 Nc5+ 35. Kc2 Rac1# {0-1 Kipper,
J-Breier,A/GER-chJM U20 qual3 1996/EXT 96ch2}) 16... Ke7 17. Kb1 Rc8 18. e5 Bb8
19. Ne4 f5 20. exf6+ Nexf6 21. Rhe1 Rhd8 22. Bd2 {Van Wely,L-Karpov,A/
Groningen 1995/CBM 51/0-1 (64)}) 13. Bxc7+ Ke8 14. Be2 a6 15. Nd6+ Bxd6 16.
Bxd6 Bd5 17. Nd2 Nb8 {Lputian,S-Anastasian,A/ARM-ch Erevan 1995/CBM 50/
[Chekhov]/1-0 (54)}) 8... dxc4 9. e3 Bxf3 $5 $146 10. gxf3 b5 11. Bxf6 Bxf6 12.
a4 (12. Qe4 O-O $1 (12... Nc6 $2 13. a4 $1 (13. Nxb5 Rb8 $132) 13... b4 14.
Bxc4 $18) 13. Qxa8 (13. Bxc4 bxc4 14. Qxa8 c6 15. Ne4 Be7) 13... Nc6 14. Qxf8+
(14. Qb7 Rb8 15. Qa6 Rb6) 14... Kxf8 15. Nxb5 Qd5 (15... e5 $5)) 12... c6 13.
axb5 (13. f4 a5 (13... a6 $5)) 13... cxb5 14. Qe4 O-O 15. f4 $1 (15. Ra5 b4 (
15... Nc6 16. Rxb5) 16. Na4 Bd8 $1 (16... Nc6 17. Ra6 $1) 17. Nc5 Qd5 18. Ra4
Nc6 19. Bg2 Bb6 20. f4 Rfd8 $15) 15... Nc6 (15... Rc8 16. Bh3 $1 (16. Qxa8 Nc6
17. Qxc8+ Qxc8 18. Bg2 a6 19. O-O g6 $15) (16. Bg2 Nc6 17. Nxb5 Nb4 (17... Rab8
18. Na3 Rxb2 19. Nxc4 Rb4 $13) 18. Qb7 Qd8 $17) 16... b4 (16... Nc6 17. d5 Nd8
18. O-O) 17. Na4 Qc6 18. Bg2 $14) (15... b4 16. Na4 $16 (16. Bg2 bxc3 17. bxc3
Qd5 18. Qxd5 exd5 19. Bxd5 Nd7 20. Bxa8 Rxa8 21. Kd2 $16)) 16. Nxb5 e5 $5 (
16... Qe7 17. Nc3 $14 (17. Qxc6 Qb4+ 18. Kd1 Qxb2 19. Rc1 Rac8)) (16... Qb7 17.
Bxc4 a6 18. Na3 Qb4+ 19. Kf1 Qxb2 20. Kg2) (16... Rac8 17. Be2 $14) 17. fxe5
Nxe5 18. Nc3 (18. dxe5 Qxb5 19. Bxc4 Qxb2 20. Bxf7+ $1 Kxf7 (20... Kh8 21. Rb1
Qxe5 $11 (21... Qc3+ 22. Ke2 Bxe5 23. Rhc1)) 21. Qc4+ Kg6 22. Qg4+ Kf7 $11 (
22... Bg5 23. Ra6+)) 18... Nc6 (18... Ng6 19. O-O-O $5 $14 (19. Qd5 $5 Qe7 20.
Qxc4 Rac8 21. Qd3 $13)) (18... Nd3+ $5 19. Bxd3 cxd3 20. Nd5 $5 (20. Qxd3 Rfe8
21. Ne2 Qh3 $13) 20... Bh4 (20... Bd8 21. Nf4) 21. Nb6 Qe8 22. Qxe8 Raxe8 23.
Nc4 Rb8 (23... Rc8 24. Ne5 $5) 24. Kd2 $14) 19. Qd5 $1 Qe8 (19... Qb7 20. Qb5
$16) 20. Bg2 $2 (20. Be2 $1 Nb4 (20... Rb8 21. O-O Rxb2 22. Qxc4 $16 (22. Bf3
Nb4 (22... Ne7 23. Qxc4 Nf5 24. Nd5 $16 (24. Rxa7 Nxe3 25. fxe3 Qxe3+ 26. Kh1
Qxd4 $1 $14 (26... Bxd4 $2 27. Qxf7+ $1))) 23. Qxc4 Nc2 24. Nd1 $1)) 21. Qf5
Nd3+ 22. Bxd3 cxd3 {-18...Nd3}) 20... Nxd4 21. Qxa8 (21. Qxa8 Qxa8 22. Bxa8
Nc2+ 23. Ke2 (23. Kd2 Nxa1 24. Rxa1 Rxa8 25. Ra4 $11) 23... Nxa1 24. Bd5 $11)
1/2-1/2

[Event "Koop Tjuchem"]
[Site "Groningen"]
[Date "1996.??.??"]
[Round "7"]
[White "Gelfand, Boris"]
[Black "Timman, Jan H"]
[Result "1/2-1/2"]
[WhiteElo "2665"]
[BlackElo "2590"]
[Annotator "Gelfand,B"]
[PlyCount "120"]
[EventDate "1996.12.20"]
[EventType "tourn"]
[EventRounds "11"]
[EventCountry "NED"]
[EventCategory "16"]
[SourceTitle "CBM 057"]
[Source "ChessBase"]
[SourceDate "1997.04.01"]
[SourceVersion "1"]
[SourceVersionDate "1997.04.01"]
[SourceQuality "1"]

1. d4 {Endspiel-CD} Nf6 2. c4 e6 3. Nf3 b6 4. a3 Bb7 5. Nc3 d5 6. Bg5 Be7 7.
Qa4+ Nfd7 $6 8. Bf4 $1 $146 (8. Bxe7 Qxe7 9. cxd5 exd5 10. Ne5 O-O 11. Nxd7
Nxd7 12. e3 c5 13. Be2 a6 14. Bf3 Qe6 $10 {0-1 Bykhovsky,Av-Vladimirov,E/Peer
Gynt Int'l (5) 1991 (69)}) 8... dxc4 (8... O-O 9. cxd5 exd5 10. e3 c5 11. Rd1
$14) 9. Qxc4 (9. e4 a6 10. Qxc4 c5 11. d5 b5 12. Qb3 $13) 9... c5 $6 (9... c6
10. Rd1 O-O 11. e4 Ba6 12. Qb3 Bxf1 13. Kxf1 $14) 10. d5 $1 (10. Nb5 O-O 11.
Nc7 $140 e5) 10... exd5 (10... Ba6 11. Qa4 (11. Qa2 c4 12. dxe6 fxe6 13. Rd1
O-O 14. g3 Qc8 15. Bh3 Nc5 16. Nd5) 11... b5 12. Nxb5 (12. Qc2 b4 13. dxe6 bxc3
14. exd7+ Nxd7 15. bxc3 O-O 16. e4 Bxf1 17. Kxf1 $16) 12... Bxb5 13. Qxb5 exd5
14. Qb7 Nb6 15. e4 (15. Bc7 Qd7 16. Ne5 Qe6 $13) 15... O-O 16. Bb5 a6 17. Be2
dxe4 18. Qxe4 Re8 19. Rd1 N8d7 20. Qc2 $16) 11. Nxd5 b5 (11... Ne5 12. Nc7+ (
12. Bxe5 Qxd5 (12... Bxd5 13. Qg4 f6 14. O-O-O $1 fxe5 15. e4 $16) 13. Qxd5
Bxd5 14. Bxg7 Rg8 15. Bc3 Nc6 16. g3 (16. O-O-O O-O-O 17. e3 Kb7 $13) 16... b5
17. Bg2 b4 18. Bd2 Bf6 (18... Nd4 $5) 19. Rc1 Bxb2 20. Rxc5 bxa3 21. Rxd5 a2
22. O-O $16) 12... Qxc7 13. Bxe5 $16 {Hoeksma}) 12. Qe4 (12. Qb3 Bxd5 {-game} (
12... O-O 13. Nc7 a6 14. Nxa8 Bxa8 $44) (12... Na6 13. Nxe7 Qxe7 14. Qxb5 $18))
12... Bxd5 (12... Nb6 13. Qxe7+ (13. Nf6+ $5 gxf6 14. Qxb7) 13... Qxe7 14. Nxe7
Kxe7 15. O-O-O Rd8 16. Rxd8 Kxd8 17. e3 a6 18. Bd3 $16) 13. Qxd5 Nb6 14. Qxd8+
(14. Qe4 $5 O-O (14... Qd5 15. Qc2 (15. Qxd5 Nxd5 16. Bg3) 15... O-O 16. e3 a6
17. Bd3 $16) 15. e3 a6 16. Rd1 N8d7 17. Ne5 Qe8 $14) 14... Bxd8 15. e3 (15. g3
$5 Nc6 16. Bg2 Bf6 17. O-O-O $16) 15... a6 16. Bd3 N8d7 $1 17. O-O-O Ra7 $1 18.
Bf5 $1 (18. Ne5 Bc7) (18. Ng5 $5 Bc7 19. Bf5 Be5 (19... g6 20. Bxd7+ Nxd7 21.
Nxf7 $18)) 18... Bf6 (18... Bc7 19. Ng5 (19. Rhe1 O-O $1 20. Bxc7 (20. Bxd7
Bxf4) 20... Rxc7 21. Rd6 $14) 19... Be5 {-game} (19... Bxf4 20. exf4 g6 21.
Rhe1+ Kf8 22. Bh3 h6 23. Ne4 Kg7 24. f5 $16)) 19. Ng5 Be5 (19... g6 20. Bxd7+
Nxd7 21. Ne4 Be7 22. Nd6+ Bxd6 23. Rxd6 $16) 20. Nxh7 $5 (20. Bxd7+ Nxd7 21.
Rxd7 $2 Rxd7 22. Bxe5 f6 $17) 20... f6 (20... Rxh7 21. Bxh7 g6 22. h4) 21. g4
$5 (21. h4 Nc4 22. b3 $5 (22. Bxe5 Ncxe5 23. h5 c4 $132) 22... Nxa3 23. h5 $13)
21... Nc4 (21... Kf7 22. g5 g6 23. Bxd7 Bxf4 (23... Nxd7 24. Nxf6) 24. exf4 (
24. Nxf6 Bxg5 25. Ne4 Bxe3+ 26. fxe3 Nxd7) 24... Nxd7 25. Nxf6 Nxf6 26. gxf6
Kxf6 27. Rd6+ $14) 22. Bxe5 $6 (22. b3 $5 Nxa3 23. g5 c4 24. b4 a5 25. gxf6
gxf6 26. Rhg1 $16) 22... Ndxe5 23. f4 (23. g5 Kf7 24. gxf6 g6 25. Ng5+ Kxf6 26.
Bc2 Kxg5 27. f4+ Kh6 28. fxe5 Nxe3 $10) 23... Nxe3 (23... Nxg4 24. Bxg4 Rxh7
25. Be6 $14) 24. fxe5 Nxf5 25. Nxf6+ (25. gxf5 Rxh7 26. e6 (26. Rd5 $5) 26...
Rh4 (26... Rh5 27. Rd5 g6) 27. Rd5 Rc7) 25... gxf6 26. gxf5 fxe5 27. Rd5 c4 28.
Rxe5+ Kf7 29. h4 Rh5 30. Rc5 Re7 31. Rh2 Re4 32. Rc7+ Kf6 33. Rf2 (33. Rc6+
Kxf5 34. Rxa6 Rexh4 35. Rxh4 Rxh4 36. Ra5 Ke4 $10) 33... Rhxh4 34. Rc6+ Kf7 35.
Rxa6 Rhf4 36. Rh2 Rxf5 37. Rh7+ Kg8 38. Rb7 Re8 39. Ra5 $6 c3 $6 (39... Rf2 40.
Kd1 $10) 40. bxc3 Rf2 41. Kd1 Rc8 $1 (41... Rf3 42. Rc7 $1) 42. Raa7 Rxc3 43.
Rxb5 Rf7 44. Ra8+ Kg7 45. a4 Rd7+ 46. Ke2 Rc6 47. a5 Re6+ 48. Kf3 Rf7+ 49. Kg4
Rff6 (49... Rg6+ 50. Rg5 Rff6 51. a6 Rxg5+ 52. Kxg5 Rg6+ 53. Kf5 Rf6+ 54. Ke5
Rg6 $10) 50. Rb7+ Kg6 51. Rg8+ Kh6 52. Rh8+ Kg6 53. Rg8+ Kh6 54. Rb3 (54. Rb4
$5 Re1 55. Kh3 Kh7 56. Rg5) 54... Re4+ 55. Kh3 Ra4 56. Rb6 Kh7 57. Rg4 Rxb6 58.
axb6 (58. Rxa4 {Endspiel-CD} Ra6 59. Kg4 Kg6 $11) 58... Ra8 59. Rc4 Kg6 (59...
Rb8 {Endspiel-CD} 60. Rc6 (60. Rc7+ Kg6 61. b7 Kf6 $11) 60... Rg8 $1 (60... Kg7
$4 61. Kg4 $1 Kf7 62. Kf5 Ke7 63. Ke5 Rh8 (63... Kd7 64. Kd5 Kd8 65. Kc5 Kd7
66. Rc7+ Kd8 67. Rg7 $18) 64. Rc7+ Kd8 65. Kd6 Rh6+ 66. Kc5 Re6 67. Kb5 Re1 68.
Ka6 Ra1+ 69. Kb7 Rb1 70. Rc4 Kd7 71. Rd4+ Ke6 72. Kc6 $18) 61. Rc7+ Kg6 62. b7
Rb8 $11) 60. Kg4 Kf6 1/2-1/2

[Event "Interzonal-15"]
[Site "Manila"]
[Date "1990.??.??"]
[Round "5"]
[White "Gelfand, Boris"]
[Black "Lautier, Joel"]
[Result "1-0"]
[WhiteElo "2680"]
[BlackElo "2570"]
[Annotator "Gelfand,B"]
[PlyCount "109"]
[EventDate "1990.06.29"]
[EventType "swiss"]
[EventRounds "13"]
[EventCountry "PHI"]
[SourceTitle "CBM 019"]
[Source "ChessBase"]
[SourceDate "1990.12.01"]
[SourceVersion "1"]
[SourceVersionDate "1990.12.01"]
[SourceQuality "1"]

1. d4 {Schussler} Nf6 2. c4 e6 3. Nf3 b6 4. a3 Bb7 5. Nc3 d5 6. cxd5 Nxd5 7.
Qc2 c5 8. dxc5 Bxc5 9. Bg5 f6 10. Bd2 O-O 11. e3 $5 (11. e4 {Schussler} Nxc3
12. Bxc3 a5 13. Rd1 Qc8 14. Bd3 Na6 15. O-O Kh8 16. Rfe1 e5 $10 {Vyzmanavin -
Lautier, Sochi 1989.}) 11... a5 12. Bd3 Kh8 $1 (12... f5 $6 13. e4 $16) 13. Rd1
(13. h4 $5 Qe8 14. Ng5 f5 15. e4 Nf6 16. O-O-O Nc6 $1 $132) 13... Nd7 14. O-O
Qe7 15. Be4 $1 Nxc3 (15... Rac8 16. Nxd5 exd5 17. Bxh7) (15... Qf7 16. Nxd5
exd5 (16... f5 17. Ng5 $18) 17. Bf5 $16) 16. Bxc3 (16. Bxb7 $2 Nxd1 17. Bxa8
Nxe3 $19) 16... Ra7 17. Nd4 $6 (17. Rd2 $5 $14) 17... Bxd4 18. exd4 Rd8 $1 19.
Rfe1 Bxe4 20. Qxe4 Nf8 21. d5 Qd6 $1 $10 (21... Rad7 22. Qe3 Rd6 23. Rc1 $16)
22. dxe6 Qxd1 23. e7 Rxe7 24. Qxe7 Qd6 25. Qe4 Kg8 $6 (25... h5 $10) 26. h4 Qd5
27. Qg4 Qd7 28. Qc4+ Qd5 29. Qc7 Qd6 30. Re7 Qxc7 (30... Ne6 $10) 31. Rxc7 Rd1+
32. Kh2 h5 (32... Rd6 $10) 33. Rc6 $1 Nd7 34. Kg3 Kf7 35. Kf4 Rd5 36. Ke4 Rb5
$2 (36... Rd1 $142 37. Bd4 Rb1 38. Kd5 Rd1 {/\} 39. Rd6 Ke7 40. Kc6 Nb8+ $1 $10
) 37. b4 axb4 38. axb4 Ke7 39. Rc7 Ke6 40. Rc6+ Ke7 41. f4 $1 $18 g6 42. g3 Rf5
43. Bd2 Rb5 44. Kd4 Rf5 45. Be3 Kf7 46. Kc3 Ke7 (46... g5 47. Kd4 (47. fxg5 $6
Rf3 48. Kd4 Rxg3 $132) 47... gxf4 48. gxf4 Ke7 49. Kc4 Kf7 50. Rd6 Ke7 51. Rd5
$18) (46... Rd5 47. Bxb6 Nxb6 48. Rxb6 Rd1 49. b5 Rg1 50. Rd6 Rxg3+ 51. Kc4)
47. Kd4 $1 (47. Bxb6 $6 Nxb6 48. Rxb6 g5 $10) 47... Kf7 48. Kc4 g5 (48... b5+
49. Kd4 Ke7 50. Ke4 Kf7 51. Bb6 (51. Rc8 Ke6 52. Rg8 Kf7 53. Rh8 $18 {(.)})
51... Ke7 52. Bc7 Kf7 53. Rd6 Ke7 54. Rd5 Ke6 55. Rxf5 gxf5+ 56. Kd4 $18 {(.)})
49. Rd6 gxf4 50. gxf4 Ke7 51. Rd5 Ke6 52. Rxf5 $6 (52. Rb5 $18) 52... Kxf5 53.
Kd5 b5 54. Kc6 Ke4 (54... Nf8 55. Kxb5 Ke4 56. Bf2 $18) 55. Kxd7 1-0

[Event "Dos Hermanas"]
[Site "Dos Hermanas"]
[Date "1994.??.??"]
[Round "1"]
[White "Gelfand, Boris"]
[Black "Gulko, Boris F"]
[Result "1-0"]
[WhiteElo "2685"]
[BlackElo "2615"]
[Annotator "Gelfand,B"]
[PlyCount "55"]
[EventDate "1994.04.??"]
[EventType "tourn"]
[EventRounds "9"]
[EventCountry "ESP"]
[EventCategory "16"]
[SourceTitle "CBM 041"]
[Source "ChessBase"]
[SourceDate "1994.08.01"]
[SourceVersion "1"]
[SourceVersionDate "1994.08.01"]
[SourceQuality "1"]

1. d4 {Dautov} Nf6 2. c4 e6 3. Nf3 b6 4. a3 Bb7 5. Nc3 d5 6. Qc2 dxc4 7. e4 c5
8. dxc5 Bxc5 9. Bxc4 Qc7 $6 $146 (9... Nbd7 $142 {Dautov} 10. O-O Qc7 11. Bd3
a6 12. Bg5 Ng4 $10 {Piket-Van der Wiel/Wijk/1994}) 10. Nb5 $1 (10. Qe2 {Dautov}
Nc6 $5 (10... Nbd7) 11. O-O $6 Ng4 {/\Nd4} 12. Nb5 Qb8 $13) 10... Qd7 $6 (10...
Qc6 $142 11. e5 (11. Bf4 Na6 12. Nc3 $140 $2 (12. b4 $1 {Dautov} Be7 13. e5 Nd5
14. Bg3 O-O 15. Rc1 $14) (12. e5 Nh5 13. Bd2 Nc7 $13) 12... Bxf2+) (11. b4 {
Dautov} a6 $1 12. bxc5 (12. Ne5 Qxe4+ 13. Qxe4 Bxf2+ $1 14. Ke2 Nxe4 15. Nc7+
Ke7 16. Nxa8 Bd4 $17) 12... axb5 13. Nd4 Qxc5 14. Bxb5+ Nbd7 $10) (11. Ne5 Qc8)
11... Nfd7 $14 (11... Nd5 $5 12. Bxd5 exd5 $1 $13 (12... Bb4+ $4 13. axb4 $1
Qxc2 14. Bxb7 $18)) (11... Ng4 12. O-O Nxe5 $17)) (10... Qc8 {Dautov} 11. Bf4
Bxe4 12. Qe2 Na6 13. Nd6+ Bxd6 14. Bxd6 $36) 11. Bf4 $1 (11. Ne5 Qc8 $10) 11...
Bxe4 (11... Na6 {Dautov} 12. Rd1 Qc6 13. e5 Nh5 14. Nd6+ Bxd6 15. Rxd6 $16) 12.
Qe2 (12. Qd2 Na6 13. Qxd7+ Nxd7 14. b4 Be7 15. Nd6+ Bxd6 16. Bxd6 $44) 12...
O-O $8 (12... Na6 $2 13. Nc3 {Dautov} Bxf3 14. Qxf3 O-O 15. Bxa6 $18) 13. Rd1 (
13. Nc7 e5 14. Bxe5 Nc6 $132) 13... Qb7 (13... Qe7 14. b4 $18) (13... Qc8 14.
Nc7 e5 (14... Bxf3 15. Qxf3 (15. gxf3 e5 $132) 15... e5 16. Bxe5 Ng4 17. Bg3
Bxf2+ (17... Nxf2 18. Bxf2 Qxc7 19. Bd5 $18) 18. Bxf2 Nxf2 (18... Ne5 19. Qxa8
Qxc7 (19... Nxc4 20. Qxa7 Nc6 21. Qa6 $18) 20. Qe4 Nxc4 21. Rc1 b5 22. O-O $16
{\+-}) 19. Kxf2 Qxc7 20. Bd5 {Dautov} Qc2+ 21. Kf1 $18) 15. Bxe5 Nc6 16. Bg3
$16) (13... Qc6 14. Nc7 $18) (13... Bd5 14. b4 $1 (14. Nc7 Qa4 15. b3 Qxa3 16.
Nxa8 Bxa8 $44) 14... Be7 (14... a6 15. Nc7 Ra7 16. Nxd5 (16. bxc5 Rxc7 17. Bxc7
Qxc7 18. Bxd5 Nxd5 19. cxb6 Qxb6 (19... Qc3+ 20. Qd2 Qxa3 $44) 20. Qd2 $16 {\+=
}) 16... exd5 17. bxc5 Re8 (17... Qa4 18. cxb6 $16 Rb7 19. O-O dxc4 20. Bc7)
18. Be5 $16) 15. Nc7 $16 Qc6 16. Rc1) 14. Nc7 (14. b4 Be7 15. Nc7 a5 $1 16.
Nxa8 Qxa8 $14) 14... e5 $2 (14... Nh5 15. Be5 Bxf3 16. gxf3 Nc6 17. Ba6 (17.
Nxa8 Nxe5 18. Qxe5 Qxf3 19. Rf1 Nf6 $1 $132 (19... Nf4 20. Nc7 $16)) 17... Qb8
18. f4 (18. Rd7 {Dautov} Nxe5 19. Qxe5 Nf6 20. Rg1 Kh8 21. Qg5 Rg8 22. Rxf7 $18
) 18... f6 (18... Nxe5 19. Qxe5 g6 20. O-O Ng7 21. Rd7 $16) 19. Qxh5 fxe5 20.
Nxe6 (20. Nxa8 Rxf4 $13) (20. Rd7 $3 Rxf4 21. Nxe6 $18) 20... Rf6 21. Bc4 Kh8
22. Rg1 $36 (22. Rd7 Qe8 $1 23. Qxe8+ Rxe8 $132) (22. Rd8+ Qxd8 $1 (22... Nxd8
$2 23. Qe8+ Bf8 24. Nxf8 $18) 23. Nxd8 Rxd8 $13)) (14... b5 $3 15. Ba2 (15. Bd3
Bxd3 16. Qxd3 (16. Rxd3 Nd5 17. Qe4 Nd7 18. Nxa8 $2 N7f6 $40) 16... Nd5 $1 (
16... Nh5 $2 17. Bg3 Nxg3 18. hxg3 $18) 17. Nxd5 (17. Ng5 g6 18. Qf3 Nd7 (18...
Nc6 $1 19. Nxa8 Qxa8 $44) 19. Nxa8 Qxa8 20. Ne4 $16) 17... exd5 18. Qxd5 Re8+
$14) 15... Nh5 16. Be5 Bxf3 17. gxf3 Nc6 18. Nxa8 Nxe5 19. Qxe5 Qxf3 20. Rf1
Nf4 $40 21. Nc7 $140 Be3 $3 $19) (14... Ng4 {Dautov} 15. O-O e5 16. Nxe5 Nxe5 (
16... Qxc7 17. Qxe4 $18) 17. Bxe5 Bxg2 18. Qg4 $18) (14... a6 {Dautov} 15. Nxa8
Qxa8 16. Bd6 $16) 15. Bxe5 Nbd7 (15... Nc6 16. Ba6 Qb8 17. Bg3 $18) 16. Ba6 $18
Bxf3 (16... Qc6 17. Bb5 Nxe5 18. Bxc6 Nxf3+ 19. gxf3 Bxc6 20. Nxa8 $18) 17.
gxf3 Qb8 (17... Qc6 18. Bb5 {Dautov} Qb7 19. Bxd7 $18) 18. Bg3 Qxc7 19. Bxc7
Rfe8 20. b4 Rxe2+ (20... Bf8 21. Qe3) 21. Kxe2 Be7 (21... Re8+ 22. Kf1 Bf8 23.
Kg2 $18) 22. Rhe1 Nf8 23. Kf1 Ng6 24. f4 Bf8 25. Bb7 Re8 26. Rxe8 Nxe8 27. Bb8
a5 28. Rd8 1-0

[Event "Corus"]
[Site "Wijk aan Zee"]
[Date "2002.01.13"]
[Round "2"]
[White "Kasimdzhanov, Rustam"]
[Black "Gelfand, Boris"]
[Result "1/2-1/2"]
[WhiteElo "2695"]
[BlackElo "2703"]
[Annotator "Gelfand,B"]
[PlyCount "51"]
[EventDate "2002.01.12"]
[EventType "tourn"]
[EventRounds "13"]
[EventCountry "NED"]
[EventCategory "18"]
[SourceTitle "CBM 087"]
[Source "ChessBase"]
[SourceDate "2002.03.21"]
[SourceVersion "1"]
[SourceVersionDate "2002.03.21"]
[SourceQuality "1"]

1. d4 Nf6 2. c4 e6 3. Nf3 b6 4. a3 Bb7 5. Nc3 d5 6. cxd5 Nxd5 7. Qc2 Nxc3 8.
bxc3 Be7 9. e4 O-O 10. Bd3 c5 11. O-O Qc8 12. Qa2 Rd8 13. Bf4 $5 $146 Ba6 14.
Rad1 $6 (14. Bxa6 $142 $5 Qxa6 (14... Nxa6 15. d5 exd5 16. exd5 Qf5 17. Be5 Bd6
18. Rfe1 Nc7 19. c4 $16) 15. d5 exd5 16. exd5 Nd7 17. c4 b5 $14) 14... Bxd3 15.
Rxd3 Nd7 (15... Qa6 16. Rfd1 c4 17. Re3 b5 18. Qe2 $5 (18. Rb1 Nd7) 18... Qxa3
19. Ne5) 16. Rfd1 Nf6 17. Bg5 h6 $1 (17... Qb7 18. e5 $14) 18. Bh4 (18. Bxf6
Bxf6 19. e5 Be7 20. d5 c4 $132) 18... cxd4 (18... Qb7 19. d5 $5 (19. Bxf6 Bxf6
20. d5 (20. e5 Be7 21. d5 exd5 22. Rxd5 Rxd5 23. Rxd5 Qc6) 20... exd5 21. exd5
b5 $11) 19... Nxe4 20. dxe6 Bxh4 (20... Nxc3 21. exf7+ Kf8 22. Qe6 Nxd1 23. Ne5
) 21. Nxh4 Rxd3 22. Rxd3 fxe6 23. Qxe6+ Qf7 $1 $11) 19. cxd4 Qb7 (19... g5 $6
20. Nxg5 $1 (20. Bxg5 hxg5 21. Nxg5 Nh5 22. Qe2 (22. Qd2 f6 23. Nf3 Kf7 24. d5
$13) 22... Ng7 $13) 20... hxg5 21. Bxg5 Kf8 22. Qe2 Qb7 23. d5 $40) 20. Bxf6 (
20. d5 Nxe4 21. dxe6 Bxh4 22. Nxh4 Rxd3 23. Rxd3 Nc5 24. exf7+ (24. Rd7 $2 Qe4
$1 $19 (24... Nxd7 $2 25. exf7+ Kh8 26. Ng6+ Kh7 27. Qc2 Nf6 28. Nf8+ Kh8 29.
Qh7+ $3 Nxh7 30. Ng6# {Diagram [#]})) 24... Qxf7 25. Qxf7+ Kxf7 $11) 20... Bxf6
21. d5 exd5 22. exd5 Rd7 23. h3 Re8 24. Qd2 b5 25. Nh2 Qb6 26. Ng4 (26. Ng4 Bg5
27. Qc3 Qd6 28. Ne3 $11) 1/2-1/2

[Event "Dortmund SuperGM 25th"]
[Site "Dortmund"]
[Date "1997.07.09"]
[Round "5"]
[White "Gelfand, Boris"]
[Black "Karpov, Anatoly"]
[Result "1/2-1/2"]
[WhiteElo "2695"]
[BlackElo "2745"]
[Annotator "Gelfand,B"]
[PlyCount "39"]
[EventDate "1997.07.04"]
[EventType "tourn"]
[EventRounds "9"]
[EventCountry "GER"]
[EventCategory "18"]
[SourceTitle "CBM 060"]
[Source "ChessBase"]
[SourceDate "1997.09.29"]
[SourceVersion "1"]
[SourceVersionDate "1997.09.29"]
[SourceQuality "1"]

1. d4 Nf6 2. c4 e6 3. Nf3 b6 4. a3 Bb7 5. Nc3 d5 6. Bg5 Be7 7. Qa4+ Qd7 8. Qc2
$5 $146 dxc4 9. e3 O-O (9... c5 $5) (9... Qc8 $5) 10. Bxc4 c5 (10... Qc8 11.
Bd3 h6 12. Bxf6 Bxf6 13. Ne4 Be7 14. Rc1 c6 15. Ne5 $16 {Gavrilov - Saulin,
Moscow 1992}) 11. dxc5 (11. O-O-O $6 cxd4 12. Rxd4 Qc8 13. Rh4 h6) 11... Bxc5
$6 (11... bxc5 $14) (11... Qc8 $5) 12. Bd3 h6 (12... Kh8 13. Rd1 Qc8 14. Bxf6
gxf6 15. Qa4 $1) 13. Bxf6 gxf6 14. Be4 $2 (14. Rd1 $1 Qc8 (14... Qe8 15. Ne4)
15. Qa4 Rd8 $1 16. Qh4 Kg7 17. Ne2 (17. Qg4+ Kf8 18. Qh5 Bxa3 $1) (17. Ne4 Nd7
18. Ng3 $140 (18. O-O f5 19. Ng3 Nf6) 18... Bxf3 19. gxf3 Ne5 $1) 17... Nd7 18.
Nf4 $16 Bxf3 (18... f5 19. Nh5+ Kf8 (19... Kh7 20. e4) 20. Qf4) 19. gxf3 Ne5
20. Rg1+ Kf8 21. Qxf6 Nxf3+ 22. Ke2 (22. Kf1) 22... Nxg1+ 23. Rxg1) (14. O-O-O
Qc8 15. Be4 Nc6) 14... Nc6 $1 (14... Be7 15. O-O $14) (14... f5 15. Bxb7 Qxb7
16. e4 $14) 15. Rd1 Qc8 (15... Qe8 $5) 16. Na4 Be7 17. Rc1 (17. Nd4 Na5 $11)
17... Na5 (17... Nd4 $2 18. Bh7+ (18. Qxc8 Raxc8 19. Rxc8 Rxc8 20. Bxb7 Rc1+
21. Kd2 Nb3+ $17) 18... Kg7 19. Nxd4) (17... Ne5 18. Bxb7 Qxb7 19. Nxe5 fxe5
20. O-O $14) 18. Qd1 Qb8 (18... Qd8 19. Bxb7 Nxb7 20. Qxd8 Rfxd8 21. Rc7 Nc5
22. Nxc5 Bxc5 23. Ke2 $14) 19. Bxb7 Qxb7 20. O-O (20. b4 Rfd8 (20... Nc6 21.
O-O a5 22. b5 Na7) 21. Qe2 (21. Nd4 Qxg2 22. Ke2 Qg4+ 23. f3 Qg2+ 24. Kd3 Qa2
$5 25. bxa5 e5 $13) 21... Nb3 $1 22. Rc3 Qd7) (20. O-O Rac8 $11) 1/2-1/2